000 00552nam a2200181Ia 4500
005 20250326125535.0
008 250326s9999 xx 000 0 und d
037 _aTextbook
040 _aFMSL
_beng
_cFMSL
041 _aeng
_2eng
084 _aS(B28) L0
_qFMSL
100 _aSchilderinck J H F
245 0 _aFactor analysis applies to developed and developing countries
_cSchilderinck J H F
260 _aNetherlands
_bNetherlands, Rotterdam University
_c1970
300 _a81p
942 _cTB
_hS(B28) L0
999 _c1278495
_d1278495